Satu tinjauan terhadap kursus sijil kemahiran mengajar dalam bahasa Malaysia bagi kakitangan akademik Institut Teknologi MARA /
محفوظ في:
| المؤلف الرئيسي: | |
|---|---|
| التنسيق: | أطروحة كتاب |
| اللغة: | Malay |
| منشور في: |
1983.
|
| الموضوعات: | |
| الوسوم: |
إضافة وسم
لا توجد وسوم, كن أول من يضع وسما على هذه التسجيلة!
|
| LEADER | 01260cam a2200301 a 4500 | ||
|---|---|---|---|
| 001 | u35150 | ||
| 003 | SIRSI | ||
| 008 | 841217s1983 my bt 00 1 may m | ||
| 035 | |a AAD-7858 | ||
| 040 | |a UMM | ||
| 043 | |a a-my--- | ||
| 090 | |a PL5070 |b Rafh | ||
| 091 | |a Microfiche 9010 | ||
| 093 | |a PL5070 |b Rafh | ||
| 100 | 0 | 0 | |a Rafa'i Harun. |
| 245 | 1 | 0 | |a Satu tinjauan terhadap kursus sijil kemahiran mengajar dalam bahasa Malaysia bagi kakitangan akademik Institut Teknologi MARA / |c oleh Rafa'i bin Harun. |
| 260 | |c 1983. | ||
| 300 | |a xvi, 291 leaves ; |c 28 cm. | ||
| 500 | |a Also available on microfiche. Kuala Lumpur : Perpustakaan Universiti Malaya, 1983. 5 microfiches : negative ; 11 x 15 cm. | ||
| 502 | |a Dissertation (M.Ed.) -- Fakulti Pendidikan, Universiti Malaya, 1983. | ||
| 504 | |a Bibliography: leaves 255-261. | ||
| 610 | 2 | 0 | |a Institut Teknologi MARA. |
| 650 | 0 | |a Malay language |x Study and teaching (Higher) | |
| 948 | |a 16/03/1991 |b 14/08/2002 | ||
| 596 | |a 1 8 | ||
| 999 | |a PL5070 RAFH |w LC |c 1 |i A002915028 |l B_KOM4 |m P01UTAMA |r Y |s Y |t TESIS |u 8/1/1992 |o .PUBLIC. BKOM 4 : 42517 | ||
| 999 | |a PL5070 RAFH |w LC |c 2 |i A503699501 |l STACKS |m P01UTAMA |r Y |s Y |t TESIS |u 13/3/1998 | ||
| 999 | |a PL5070 RAFH |w LC |c 1 |i A506696366 |l STACKS |m P08PENDIDI |r Y |s Y |t TESIS |u 24/10/1997 | ||
